00970nam a2200241 i 450000100060000000300090000600500170001500700030003200800410003502000180007608000390009410000410013324501140017426000780028830000300036649000400039650400320043660000400046883000480050885200330055699900170058995201220060691961ES-MaACL20230906180850.0t|050310s2003 sp ||||1| spa d a84-472-0784-6 a791.44 Elías Riquelme, Francisco1 aSánchez Oliveira, Enrique.910281610aAproximación histórica al cineasta Francisco Elías Riquelme (1890-1977) / cEnrique Sánchez Oliveira. aSevilla : bUniversidad de Sevilla, Secretariado de Publicaciones,c2003. a332 p. : bil. ; c24 cm.1 aCiencias de la comunicación ; v2 aBibliografía: p. 297-305.14aElías Riquelme, Francisco.9469780 aCiencias de la comunicación ; v29186832 aES-MaACLjL-29014 bR.135481 c91961d91961 00104070aATENEOMbATENEOMcDEPO2d2008-01-17eSCl0oL-29014p1096019r2023-02-23 00:00:00w2023-02-23yMONOGRAFIA